Animal Crossing - les Villageois Coqs / Poules [avec image] - Statistiques

Statistiques générales
  • Ce quiz a été pris 9 fois
  • Le résultat moyen est 8 sur 14
Statistiques - réponses
Par images Réponse % Correct
Pouli
100%
Jo
86%
Ken
86%
Dimitri
71%
Herbert
71%
Poulette
71%
Sonya
71%
Eva
57%
Wolfram
57%
Arlette
29%
Betty
29%
Bruce
29%
Hector
29%
Huguette
29%
Aucun quiz correspondant
Distribution des résultats
% des personnes avec chaque résultat
Percentile par nombre de réponses
Votre historique - résultats
Vous n’avez pas pris ce quiz